Central Library OPAC University of Rajshahi
Normal view MARC view

Entry Topical Term

Number of records used in: 7

001 - CONTROL NUMBER

  • control field: 7035

003 - CONTROL NUMBER IDENTIFIER

  • control field: BD-RjUL

005 - DATE AND TIME OF LATEST TRANSACTION

  • control field: 20230216125659.0

008 - FIXED-LENGTH DATA ELEMENTS

  • fixed length control field: 230216|| aca||aabn | a|a d

040 ## - CATALOGING SOURCE

  • Original cataloging agency: BD-RjUL
  • Transcribing agency: BD-RjUL

150 ## - HEADING--TOPICAL TERM

  • Topical term or geographic name entry element: Climatic changes
  • Form subdivision: Plant injuries

670 ## - SOURCE DATA FOUND

  • Source citation: Work cat.: (BD-RjUL)81247: Ullah, Mohammad. Shafi 7034, Sustainable management of the ompok pabda (Hamilton, 1822) in the Padma River with consideration of emerging climate changes /, 2019